| 000 | 00701nam a2200157Ia 4500 | ||
|---|---|---|---|
| 001 | 8867 | ||
| 003 | GE_BSU | ||
| 008 | 181216s||||||||xx |||||||||||||| ||und|| | ||
| 040 | _cGE_BSU | ||
| 245 | _aსაპატრიარქოს უწყებანი.№6(706)2014. 13-19 თებერვალი | ||
| 245 | _bპატრიარქის ქადაგება,ქრონიკა, ინფორმაცია და სხვა. | ||
| 245 | _cრედ:დეკანოზი დავით შარაშენიძე და სხვა. | ||
| 653 | _aპერიოდიკა | ||
| 653 | _aსაპატრიარქოს უწყებანი | ||
| 942 | _cCR | ||
| 999 |
_c42174 _d42174 |
||